[Event "Open"]
[Site "Lido Estensi ITA"]
[Date "2002.06.13"]
[Round "6"]
[White "Chabanon,JL"]
[Black "Timoscenko,G"]
[Result "1/2-1/2"]
[WhiteElo "2483"]
[BlackElo "2522"]

1.d4 d5 2.c4 e6 3.Nf3 Nf6 4.g3 Be7 5.Bg2 O-O 6.O-O dxc4 7.Qc2 a6 8.a4 Bd7
9.Qxc4 Bc6 10.Bf4 a5 11.Nc3 Na6 12.Ne5 Bxg2 13.Kxg2 Nd5 14.e4 Nxf4+ 15.gxf4 Bd6
16.Ne2 c5 17.Rfd1 Qe7 18.Rac1 cxd4 19.Qxd4 Rfd8 20.Qb6 Nb4 21.Nf3  1/2-1/2

[Event "3rd IECC"]
[Site "Batumi GEO"]
[Date "2002.06.21"]
[Round "9"]
[White "Matnadze,A"]
[Black "Jirovsky,M"]
[Result "1/2-1/2"]
[WhiteElo "2365"]
[BlackElo "2446"]

1.d4 d5 2.g3 Nf6 3.Bg2 e6 4.Nf3 Be7 5.c4 O-O 6.Nc3 c6 7.O-O Nbd7 8.Qb3 Qb6
9.c5 Qxb3 10.axb3 b6 11.b4 Bb7 12.Nd2 a5 13.bxa5 bxc5 14.dxc5 Bxc5 15.Ra4 Ba6
16.b4 Be7 17.Nb3 Rab8 18.Nd4 Rfc8 19.Nc2 Bc4 20.Ra1 e5 21.Bd2 d4 22.Na2 c5
23.bxc5 Bxc5 24.Rfc1 Bxe2 25.Nab4 e4 26.a6 Ra8 27.Bf1 Bxf1 28.Kxf1 Ne5 29.Ne1 Nfg4
30.Nd5 Nxh2+ 31.Kg2 Nhf3 32.Nxf3 exf3+ 33.Kf1 Nd3 34.Rcb1 Ra7 35.Rb3 Rd8
36.Ra5 h6 37.Nf6+ gxf6 38.Rxd3 Bb6 39.Ra4 Rda8 40.Rxf3 Rxa6 41.Rxa6 Rxa6
42.Rxf6 Ra2  1/2-1/2

[Event "30th World Open"]
[Site "Philadelphia USA"]
[Date "2002.06.29"]
[Round "1"]
[White "Miton,K"]
[Black "Brownscombe,T"]
[Result "1-0"]
[WhiteElo "2516"]
[BlackElo "2261"]

1.d4 Nf6 2.c4 e6 3.g3 d5 4.Bg2 Be7 5.Nf3 O-O 6.O-O b6 7.Nc3 Bb7 8.Ne5 Nbd7
9.Qa4 Nxe5 10.dxe5 Ne4 11.Nxe4 dxe4 12.Rd1 Qe8 13.Qc2 Qc6 14.Rd4 Qc5 15.Rd7 Rfd8
16.Be3 Qxe5 17.Bf4 Qf6 18.Rxc7 e5 19.Be3 Bc6 20.Rxc6 Qxc6 21.Bxe4 Qc8 22.Bxa8 Qxa8
23.Rd1 g6 24.Rxd8+ Qxd8 25.Qa4 a5 26.Kg2 Bc5 27.Bh6 Bf8 28.Bxf8 Kxf8 29.Qa3+ Kg7
30.Qd3 Qc7 31.Qd5 h5 32.h4 f6 33.b3 g5 34.hxg5 fxg5 35.Qf3 Kg6 36.Qe4+ Kh6
37.Qd5 h4 38.Qe6+ Kh7 39.Qf5+ Kh6 40.Qf6+ Kh7 41.Qxg5 hxg3 42.Qxg3 Qc6+ 43.f3 Qd6
44.Qh4+ Kg7 45.Qg5+ Kf8 46.Qf5+ Ke7 47.Qe4 Qf6 48.f4 Qg7+ 49.Kf2 Qh6 50.Qxe5+ Kd7
51.f5 Qh4+ 52.Ke3 Qg5+ 53.Kd3 Qc1 54.f6 Qb1+ 55.Ke3  1-0

[Event "II Open"]
[Site "St Chely d'Aubrac FRA"]
[Date "2002.06.30"]
[Round "4"]
[White "Cosma,I"]
[Black "Flear,G"]
[Result "1/2-1/2"]
[WhiteElo "2463"]
[BlackElo "2530"]

1.d4 d5 2.c4 e6 3.Nf3 Nf6 4.g3 Be7 5.Bg2 O-O 6.O-O Nbd7 7.b3 b6 8.Nc3 Bb7
9.cxd5 Nxd5 10.Bb2 Nxc3 11.Bxc3 c5 12.Qc2 cxd4 13.Bxd4 Rc8 14.Qb2 Bf6 15.Rac1 Qe7
16.Bxf6 Nxf6 17.Rfd1 Rfd8 18.Rxd8+  1/2-1/2

[Event "5th Comtois Masters"]
[Site "Belfort FRA"]
[Date "2002.07.06"]
[Round "9"]
[White "Bauer,Ch"]
[Black "Bologan,V"]
[Result "0-1"]
[WhiteElo "2571"]
[BlackElo "2652"]

1.d4 Nf6 2.Nf3 e6 3.c4 d5 4.g3 Be7 5.Bg2 O-O 6.O-O dxc4 7.Qc2 a6 8.Qxc4 b5
9.Qc2 Bb7 10.Bf4 Bd6 11.Bg5 Nbd7 12.Nbd2 Rc8 13.Bxf6 Nxf6 14.Nb3 Be4 15.Qc3 Qe7
16.Rac1 Nd7 17.Qe3 f5 18.Ne5 Bxg2 19.Kxg2 Bxe5 20.dxe5 c5 21.Rfd1 Nb6 22.Nxc5 Nc4
23.Rxc4 bxc4 24.Rd6 Qa7 25.Nxe6 Qxe3 26.fxe3 Rfe8 27.Rxa6 Rb8 28.Nd4 Rxb2
29.e6 Rbb8 30.Ra3 Rec8 31.Rc3 Rc5 32.Kf3 Kf8 33.e4 fxe4+ 34.Kxe4 Ke7 35.g4 g6
36.Ra3 Rb7 37.h4 c3 38.Kd3 Rbc7 39.Nc2 Rd5+ 40.Ke3 Rd2  0-1

[Event "23rd Open"]
[Site "Bled SLO"]
[Date "2002.07.06"]
[Round "5"]
[White "Beliavsky,A"]
[Black "Nikolov,S"]
[Result "1-0"]
[WhiteElo "2652"]
[BlackElo "2354"]

1.c4 e6 2.g3 d5 3.Bg2 Nf6 4.Nf3 Be7 5.d4 O-O 6.O-O Nbd7 7.Qc2 c6 8.Rd1 b6
9.b3 Bb7 10.Nc3 Rc8 11.e4 Ba8 12.Ne5 Qc7 13.Bf4 Nxe5 14.Bxe5 Qd7 15.Qe2 Rfd8
16.Rac1 Bb7 17.h4 Ba6 18.a4 Ne8 19.exd5 cxd5 20.Nb5 dxc4 21.bxc4 Bf8 22.Kh2 Bb7
23.d5 exd5 24.Bh3 f5 25.Nxa7 Ra8 26.Nb5 Qf7 27.Bg2 Rxa4 28.cxd5 Ba6 29.d6 Kh8
30.Bd5 Qg6 31.Rc6 Nf6 32.Bxf6 Qxf6 33.d7 Rxh4+ 34.Kg2 Bxb5 35.Qxb5 Qg5 36.Rc8 Rb4
37.Qe2  1-0

[Event "Open"]
[Site "Oberwart AUT"]
[Date "2002.07.06"]
[Round "2"]
[White "Kovacs,Ga2"]
[Black "Somogyi,Z"]
[Result "1-0"]
[WhiteElo "2385"]
[BlackElo "2164"]

1.c4 Nf6 2.g3 e6 3.Bg2 Be7 4.d4 d5 5.Nf3 O-O 6.O-O Nbd7 7.Qc2 Ne4 8.Bf4 c6
9.Nbd2 Ndf6 10.Rfd1 h6 11.Nxe4 Nxe4 12.Ne5 Nd6 13.c5 Ne8 14.b4 Bf6 15.Nf3 g5
16.Bd2 Bg7 17.e4 dxe4 18.Qxe4 Nf6 19.Qd3 Nd5 20.h4 gxh4 21.Nxh4 Qf6 22.Nf3 Qg6
23.Qb3 a6 24.Re1 Rd8 25.Rad1 Bd7 26.Bc1 Kh8 27.Nh4 Qh7 28.a3 Bf6 29.Be4 Qg7
30.Nf3 Bg5 31.Bxg5 hxg5 32.Kg2 f5 33.Bxd5 exd5 34.Rh1+ Kg8 35.Rh5 g4 36.Ne5 Be8
37.Rxf5 Bg6 38.Rf4 Bh5 39.Rh1  1-0

[Event "ch-NOR"]
[Site "Roros NOR"]
[Date "2002.07.07"]
[Round "2"]
[White "Dannevig,O"]
[Black "Ostenstad,B"]
[Result "1/2-1/2"]
[WhiteElo "2316"]
[BlackElo "2444"]

1.c4 e6 2.g3 d5 3.Bg2 Nf6 4.Nf3 Be7 5.d4 O-O 6.O-O dxc4 7.Qc2 a6 8.Qxc4 b5
9.Qc2 Bb7 10.Bg5 Nbd7 11.Bxf6 Nxf6 12.Nbd2 Rc8 13.Nb3 c5 14.dxc5 a5 15.a4 Be4
16.Qc3 b4 17.Qe3 Bd5 18.Nfd2 Bxg2 19.Kxg2 Bxc5 20.Qf3 Bd4 21.Rad1 Qb6 22.Nxa5 Qxa5
23.Nb3 Qxa4 24.Rxd4 e5 25.Rd2 e4 26.Qe3 h5 27.h3 Qb5 28.Rfd1 Rfe8 29.Rd4 Rc2
30.R1d2 Rc7 31.Rd6 Qe5 32.Qb6 e3 33.Qxe3 Qxe3 34.fxe3 Rxe3 35.Rd8+ Kh7 36.R8d3 Re5
37.Rd4 Ne4 38.R2d3 Ng5 39.Rd2 Ne4 40.R2d3 Ng5 41.Rd2 Re3 42.Rxb4 Ne4 43.Rd3 Rxd3
44.exd3 Rc2+ 45.Kf3 Ng5+ 46.Ke3 Rxb2 47.h4 Ne6 48.Rb5 Kg6 49.Nd4 Rxb5 50.Nxb5 Kf5
51.Kf3 Ke5 52.Ke3 Kf5 53.Kf3 Ke5  1/2-1/2

[Event "FSGM July"]
[Site "Budapest HUN"]
[Date "2002.07.08"]
[Round "3"]
[White "Gerzhoy,L"]
[Black "Thorfinnsson,Br"]
[Result "1-0"]
[WhiteElo "2366"]
[BlackElo "2362"]

1.Nf3 Nf6 2.c4 e6 3.g3 d5 4.d4 Be7 5.Bg2 O-O 6.O-O dxc4 7.Qc2 a6 8.a4 Bd7
9.Qxc4 Bc6 10.Bg5 Bd5 11.Qc2 a5 12.Bxf6 Bxf6 13.e4 Bc6 14.Rd1 Na6 15.Nc3 Nb4
16.Qd2 b6 17.Rac1 Qd7 18.b3 Bb7 19.Qf4 Ba6 20.Qe3 Rad8 21.h4 Qc8 22.e5 Be7
23.Ng5 Bb7 24.Be4 h6 25.Nh3 c5 26.dxc5 Bxc5 27.Qf3 Bxe4 28.Nxe4 Qa8 29.Qe2 Bd4
30.Nd6 Bc5 31.Nf4 Nc6 32.Qe4 Ne7 33.Qxa8 Rxa8 34.Nd3 Ba3 35.Ra1 Bxd6 36.exd6 Nd5
37.Rac1 Rfd8 38.Rc6 Rab8 39.Ne5 f6 40.Nf3 Rd7 41.Rdc1 Nb4 42.Rc8+ Rxc8 43.Rxc8+ Kh7
44.h5 Nd5 45.Nh4 g5 46.hxg6+ Kg7 47.Rc6 f5 48.f4 Rd8 49.Nf3 Kxg6 50.Ne5+ Kf6
51.d7 Ke7 52.Rc8 Rxd7 53.Nxd7 Kxd7 54.Rh8 Nf6 55.Rxh6 Ne4 56.Kg2 Nd2 57.Rh1 Nxb3
58.Rb1 Nc5 59.Rxb6 Nxa4 60.Ra6 Nc5 61.Rxa5 Kd6 62.Kf3 Nd7 63.Ke3 Nb8 64.Ra8 Nc6  1-0

[Event "FSIMB July"]
[Site "Budapest HUN"]
[Date "2002.07.08"]
[Round "3"]
[White "Farago,S"]
[Black "Eperjesi,L"]
[Result "1/2-1/2"]
[WhiteElo "2252"]
[BlackElo "2289"]

1.d4 Nf6 2.c4 e6 3.g3 d5 4.Bg2 Be7 5.Nf3 O-O 6.O-O Nbd7 7.b3 c6 8.Bb2 b6
9.Nbd2 Bb7 10.Rc1 Rc8 11.Qc2 c5  1/2-1/2

[Event "3rd Stage Russian Cup"]
[Site "Tomsk RUS"]
[Date "2002.07.09"]
[Round "2"]
[White "Lependin,A"]
[Black "Belozerov,A"]
[Result "1/2-1/2"]
[WhiteElo "2356"]
[BlackElo "2541"]

1.d4 d5 2.Nf3 Nf6 3.c4 e6 4.g3 Be7 5.Bg2 O-O 6.O-O dxc4 7.Na3 Bxa3 8.bxa3 Nc6
9.Bb2 Rb8 10.Qc2 b5 11.Rad1 Ne7 12.a4 a6 13.axb5 axb5 14.a4 bxa4 15.Ne5 Bb7
16.Bxb7 Rxb7 17.Ba3 Rb3 18.Ra1 c3 19.Rfb1  1/2-1/2

[Event "Open"]
[Site "Oberwart AUT"]
[Date "2002.07.11"]
[Round "7"]
[White "Karner,C"]
[Black "Wanderer,T"]
[Result "1-0"]
[WhiteElo "2301"]
[BlackElo "2175"]

1.d4 d5 2.c4 e6 3.Nf3 Nf6 4.g3 Be7 5.Bg2 O-O 6.O-O b6 7.cxd5 exd5 8.Ne5 Bb7
9.Nc3 Nc6 10.Bf4 Bb4 11.Rc1 Nxe5 12.dxe5 Bxc3 13.exf6 Bxf6 14.Rxc7 Rb8 15.Qa4 Bc8
16.Rxa7 Rb7 17.Rxb7 Bxb7 18.Qa7 Ba8 19.b3 Bd4 20.e3 Bc5 21.Rd1 Qe7 22.Qxe7 Bxe7
23.Bxd5  1-0

[Event "FSIMB July"]
[Site "Budapest HUN"]
[Date "2002.07.13"]
[Round "8"]
[White "Metaxasz,V"]
[Black "Feibert,F"]
[Result "0-1"]
[WhiteElo "2181"]
[BlackElo "2270"]

1.c4 e6 2.g3 d5 3.Bg2 Nf6 4.Nf3 Be7 5.d4 O-O 6.Qc2 c6 7.Nbd2 Nbd7 8.O-O b5
9.b3 Ba6 10.Re1 bxc4 11.bxc4 c5 12.cxd5 Nxd5 13.dxc5 Nxc5 14.Bb2 Rc8 15.Rac1 Nd3
16.Qa4 Nxe1 17.Rxe1 Qb6 18.Rb1 Qc6 19.Qd4 Bf6 20.Ne5 Qc7 21.Qe4 Rfd8 22.Rc1 Qa5
23.Ndc4 Bxc4 24.Nxc4 Rxc4  0-1

[Event "FSGM July"]
[Site "Budapest HUN"]
[Date "2002.07.13"]
[Round "8"]
[White "Horvath,Jo"]
[Black "Gerzhoy,L"]
[Result "1/2-1/2"]
[WhiteElo "2535"]
[BlackElo "2366"]

1.d4 Nf6 2.Nf3 d5 3.c4 e6 4.g3 Be7 5.Bg2 O-O 6.O-O dxc4 7.Ne5 Nc6 8.Bxc6 bxc6
9.Nxc6 Qe8 10.Nxe7+ Qxe7 11.Qa4 c5 12.Qxc4 cxd4 13.Qxd4 Bb7 14.Bg5 e5 15.Qh4 Qe6
16.Bxf6 gxf6 17.Nc3 f5 18.Rfd1 Rac8 19.Qb4 Qc6 20.Rd5 Rcd8 21.Rad1 Ba8 22.e4 Rb8
23.Qe7 Qe6 24.Rxe5 Qxe7 25.Rxe7 Rxb2 26.exf5 Rc2 27.Re3 Kg7 28.a3 Rb8 29.Rde1 Rb3
30.f6+ Kg6 31.Re8 Bc6 32.Rg8+ Kxf6 33.Ne4+ Bxe4 34.Rxe4 Rf3 35.Rgg4 Rfxf2
36.Rgf4+ Rxf4 37.Rxf4+ Kg6 38.Ra4 Rc7 39.Kg2 f6 40.Kf3 h5 41.Ra5 Rc3+ 42.Ke4 Rc2
43.h4 Rc3 44.Kf4 Rc4+ 45.Kf3 Rc3+ 46.Kf4  1/2-1/2

[Event "Richard Aronow Mem"]
[Site "Philadelphia USA"]
[Date "2002.07.13"]
[Round "2"]
[White "Smith,BG"]
[Black "Adu,O"]
[Result "0-1"]
[WhiteElo "2412"]
[BlackElo "2263"]

1.c4 e6 2.g3 d5 3.Bg2 Nf6 4.Nf3 Be7 5.d4 O-O 6.O-O b6 7.Nc3 Bb7 8.Ne5 Qc8
9.cxd5 Nxd5 10.Nxd5 Bxd5 11.Bxd5 exd5 12.Be3 Rd8 13.Qa4 c5 14.Rac1 f6 15.Nd3 Qg4
16.Nf4 g5 17.h3 Qc8 18.Nd3 Qxh3 19.dxc5 Nd7 20.c6 Ne5 21.Nxe5 fxe5 22.Qb5 Rd6
23.c7 Rc8 24.Rfd1 Kg7 25.Rc6 Qd7 26.Rdc1 Rxc7 27.Rxc7 Qxb5 28.Rxe7+ Kf6 29.Rxh7 Kf5
30.Rg7 g4 31.Rg5+ Kf6 32.Rc7 Qxe2 33.Rh7 Re6 34.Rhg7 d4 35.R5g6+ Kf5 36.Rg5+ Ke4  0-1

[Event "FSGM July"]
[Site "Budapest HUN"]
[Date "2002.07.15"]
[Round "10"]
[White "Horvath,Jo"]
[Black "Kristjansson,S"]
[Result "0-1"]
[WhiteElo "2535"]
[BlackElo "2428"]

1.c4 Nf6 2.d4 e6 3.g3 d5 4.Bg2 Be7 5.Nf3 O-O 6.Qc2 c5 7.O-O Nc6 8.cxd5 Qxd5
9.Nc3 Qc4 10.dxc5 e5 11.Be3 Ng4 12.Ng5 g6 13.Bd2 Qxc5 14.Rac1 Nd4 15.Qd3 Qd6
16.Nd5 Bf5 17.e4 Qxd5 18.exf5 Qxa2 19.fxg6 hxg6 20.Rc7 Rfe8 21.Bxb7 Rad8
22.Qe4 Nf6 23.Qxe5 Ng4 24.Qxe7 Rxe7 25.Rxe7 Nf5 26.Re2 Qxb2 27.Ba5 Qxe2 28.Bxd8 Qd2
29.h3 Qxd8 30.hxg4 Nd6 31.Rd1 Qxg5 32.Rxd6 Qe7  0-1

[Event "24th Politiken Cup"]
[Site "Copenhagen DEN"]
[Date "2002.07.17"]
[Round "3"]
[White "Aaberg,A"]
[Black "Arngrimsson,D"]
[Result "1/2-1/2"]
[WhiteElo "2408"]
[BlackElo "2149"]

1.d4 d5 2.c4 e6 3.Nf3 Nf6 4.g3 Be7 5.Bg2 O-O 6.O-O dxc4 7.Qc2 a6 8.a4 Bd7
9.Qxc4 Bc6 10.Bg5 h6 11.Bxf6 Bxf6 12.Nc3 Bxf3 13.Bxf3 c6 14.Rfd1 a5 15.e4 Nd7
16.Qe2 Qb6 17.e5 Be7 18.Rd2 Rfd8 19.Rad1 Bb4 20.Kg2 Rab8 21.h4 Bxc3 22.bxc3 Qb3
23.c4 Qxa4 24.c5 b6 25.Ra2 Qb4 26.Rb2 Qa4 27.Ra2 Qb4 28.Rb2 Qa4 29.Ra2  1/2-1/2

[Event "S&WYM"]
[Site "Millfield School ENG"]
[Date "2002.07.17"]
[Round "9"]
[White "Broomfield,M"]
[Black "Trent,L"]
[Result "1/2-1/2"]
[WhiteElo "2229"]
[BlackElo "2246"]

1.d4 Nf6 2.Nf3 d5 3.c4 e6 4.g3 Be7 5.Bg2 O-O 6.O-O dxc4 7.Qa4 a6 8.Qxc4 b5
9.Qc2 Bb7 10.Bf4 Nd5 11.Nc3 Nxf4 12.gxf4 c5 13.dxc5 Qc7 14.e3 Qxc5 15.Ng5 Bxg5
16.Bxb7 Ra7 17.Be4 Bf6 18.Bxh7+ Kh8 19.Be4 Rc7 20.Rac1 g6 21.Qb3 Qh5 22.Rc2 Kg7
23.Bg2 Rfc8 24.Rfc1  1/2-1/2

[Event "24th Politiken Cup"]
[Site "Copenhagen DEN"]
[Date "2002.07.19"]
[Round "5"]
[White "Nilssen,J"]
[Black "Arngrimsson,D"]
[Result "1-0"]
[WhiteElo "2363"]
[BlackElo "2149"]

1.d4 d5 2.c4 e6 3.Nf3 Nf6 4.g3 Be7 5.Bg2 O-O 6.O-O dxc4 7.Qc2 a6 8.Qxc4 b5
9.Qc2 Bb7 10.Bd2 Be4 11.Qc1 Nc6 12.Be3 Rc8 13.Nbd2 Bd5 14.Nb3 Nb4 15.Qd1 Bxb3
16.Qxb3 Nbd5 17.a4 Nxe3 18.fxe3 b4 19.Ne5 c5 20.a5 Qc7 21.Rfc1 Bd6 22.Nc4 Qe7
23.Qd3 Rc7 24.Nxd6 Qxd6 25.dxc5 Qe5 26.Qd4 Qg5 27.Qf4 Qxf4 28.exf4 Rfc8 29.c6 Nd5
30.Ra4 h6 31.Bxd5 exd5 32.Rxb4 Rxc6 33.Rxc6 Rxc6 34.Rb8+ Kh7 35.Rb6 Rc5 36.b4 Rc4
37.Kf2 Kg8 38.Ke3 Kf8 39.Rb7 Ke8 40.b5 axb5 41.a6  1-0

[Event "KB Czech Open"]
[Site "Pardubice CZE"]
[Date "2002.07.19"]
[Round "1"]
[White "Haba,P"]
[Black "Hlavnicka,J"]
[Result "1-0"]
[WhiteElo "2531"]
[BlackElo "2277"]

1.d4 Nf6 2.c4 e6 3.g3 d5 4.Bg2 Be7 5.Nf3 O-O 6.O-O dxc4 7.Qc2 a6 8.Qxc4 b5
9.Qc2 Bb7 10.Bd2 Qc8 11.Rc1 Bd6 12.Bg5 Nbd7 13.Bxf6 Nxf6 14.Nbd2 Rd8 15.e3 g6
16.a3 Ra7 17.e4 Ne8 18.e5 Bf8 19.Nb3 Qa8 20.Ne1 Bxg2 21.Nxg2 a5 22.a4 Rb8
23.Ne3 bxa4 24.Rxa4 Qb7 25.Rxa5 Rxa5 26.Nxa5 Qxb2 27.Nc6 Qxc2 28.Rxc2 Ra8
29.f4 f6 30.Kf2 Kf7 31.Ke2 Be7 32.Ng4 f5 33.Ne3 h6 34.h3 g5 35.d5 gxf4 36.gxf4 Ra4
37.Kf3 Bh4 38.dxe6+ Kxe6 39.Rd2 Ng7 40.Nd4+ Kf7 41.Rg2 Bg5 42.e6+ Kg6 43.fxg5 hxg5
44.h4 g4+ 45.Nxg4 fxg4+ 46.Rxg4+ Kf6 47.Rf4+ Kg6 48.e7 Ra8 49.Rf8 Re8 50.Nf5 c5
51.h5+  1-0

[Event "Capital of Siberia Open"]
[Site "Novosibirsk RUS"]
[Date "2002.07.20"]
[Round "2"]
[White "Degterev,A"]
[Black "Karpov,Vi"]
[Result "1-0"]
[WhiteElo "2316"]
[BlackElo "2175"]

1.d4 Nf6 2.c4 e6 3.g3 d5 4.Bg2 Be7 5.Nf3 O-O 6.O-O c6 7.Qc2 b6 8.b3 Bb7 9.Rd1 Na6
10.Nc3 Rc8 11.e4 dxe4 12.Nxe4 Nxe4 13.Qxe4 Bf6 14.Bf4 Qe7 15.Ne5 g6 16.h4 Bg7
17.Rd2 Ba8 18.Qe3 Rfe8 19.Rad1 Nb8 20.c5 b5 21.Ng4 Na6 22.Bd6 Qb7 23.Be5 f5
24.Nf6+ Bxf6 25.Bxf6 Nb4 26.Be5 Nd5 27.Qh6 Qf7 28.h5 Rcd8 29.hxg6 Qxg6 30.Qxg6+ hxg6
31.Bxd5 exd5 32.Kg2 Kf7 33.Rh1 Re7 34.Re2 Rde8 35.Ree1 a5 36.Rh7+ Kg8 37.Rh6 Kf7
38.Reh1 Rb7 39.Rh7+ Ke6 40.R7h6 Rg8 41.Rh8 Rxh8 42.Rxh8 Ra7 43.Rg8 Ra6 44.Rxg6+ Ke7
45.a3 Kf8 46.Rg7  1-0

[Event "Battle of Senta Open"]
[Site "Senta YUG"]
[Date "2002.07.20"]
[Round "3"]
[White "Tadic,B"]
[Black "Sinkovics,P"]
[Result "1-0"]
[WhiteElo "2465"]
[BlackElo "2322"]

1.Nf3 Nf6 2.c4 e6 3.g3 d5 4.d4 Be7 5.Bg2 O-O 6.O-O dxc4 7.Qc2 a6 8.Qxc4 b5
9.Qc2 Bb7 10.Bf4 Nd5 11.Nbd2 Nd7 12.Ne4 Nb4 13.Qb1 Nf6 14.Nxf6+ Bxf6 15.Rc1 Nd5
16.Bd2 g6 17.Ne5 Qd6 18.Nf3 Qb6 19.e4 Ne7 20.Bb4 Rfe8 21.Bc5 Qa5 22.Qd3 c6
23.Qe3 Qc7 24.h4 Nc8 25.h5 Nb6 26.d5 Nc4 27.Rxc4 exd5 28.Rc2 Rxe4 29.Qd2 Rae8
30.hxg6 fxg6 31.Re1 Rxe1+ 32.Nxe1 Bc8 33.Nf3 Bf5 34.Rc1 Be4 35.Bd4 Qd6 36.Qc3  1-0

[Event "24th Politiken Cup"]
[Site "Copenhagen DEN"]
[Date "2002.07.21"]
[Round "7"]
[White "Naes,F"]
[Black "Tolstrup,T"]
[Result "1-0"]
[WhiteElo "2232"]
[BlackElo "2074"]

1.Nf3 d5 2.c4 e6 3.g3 Nf6 4.Bg2 Be7 5.d4 O-O 6.O-O dxc4 7.Qc2 a6 8.a4 Bd7
9.Ne5 Bc6 10.Rd1 Bxg2 11.Kxg2 Qd5+ 12.f3 c5 13.Nc3 Qd8 14.dxc5 Qc8 15.Nxc4 Bxc5
16.Bg5 Nbd7 17.Rac1 h6 18.Bf4 Nb6 19.Nxb6 Bxb6 20.Qb3 Bc5 21.a5 Qe8 22.Na4 Be7
23.Nb6 Rd8 24.Rxd8 Bxd8 25.Bd6 Be7 26.Rc8 Bxd6 27.Rxe8 Rxe8 28.Nc4 Bc5 29.Qxb7 Nd5
30.Qc6  1-0

[Event "Open"]
[Site "Bergen NOR"]
[Date "2002.07.22"]
[Round "3"]
[White "Lahlum,H"]
[Black "Stam,B"]
[Result "1/2-1/2"]
[WhiteElo "2217"]
[BlackElo "2060"]

1.d4 d5 2.c4 e6 3.Nf3 Nf6 4.g3 Be7 5.Bg2 O-O 6.O-O dxc4 7.Ne5 Nc6 8.Nxc6 bxc6
9.e3 Ba6 10.Bxc6 Rb8 11.Nc3 Rb6 12.Bg2 Qd7 13.Qc2 Rfb8 14.Rd1 Nd5 15.a3 Nxc3
16.Qxc3 Qa4 17.Bd2 Rxb2 18.Qa5 Qxa5 19.Bxa5 Bd6 20.Rdc1 e5 21.Bf1 exd4 22.exd4 c5  1/2-1/2

[Event "KB Czech Open"]
[Site "Pardubice CZE"]
[Date "2002.07.23"]
[Round "5"]
[White "Gerzhoy,L"]
[Black "Pushkov,N"]
[Result "1-0"]
[WhiteElo "2366"]
[BlackElo "2554"]

1.c4 e6 2.g3 d5 3.Bg2 Nf6 4.Nf3 Be7 5.d4 O-O 6.O-O b6 7.cxd5 exd5 8.Nc3 Bb7
9.Bf4 Na6 10.Rc1 c6 11.Ne5 Nc7 12.Be3 Ne6 13.f4 c5 14.Kh1 Rb8 15.Qd2 cxd4
16.Bxd4 Nxd4 17.Qxd4 Bc5 18.Qd3 d4 19.Ne4 Nxe4 20.Bxe4 Bxe4+ 21.Qxe4 Re8
22.Qf3 Qd6 23.Rc2 a5 24.a4 Qe6 25.Qd3 Qd5+ 26.Qf3 Qa2 27.Rfc1 Qxa4 28.Qd5 Rf8
29.b3 Qe8 30.Nd3 Rd8 31.Qf3 Ba3 32.Ra1 Qe7 33.Rc6 Rd6 34.Rc4 Re6 35.Ra2 Re3
36.Qg2 Rd8 37.Rac2 Bc5 38.h3 g6 39.Nxc5 bxc5 40.Rxc5 d3 41.exd3 Rdxd3 42.Kh2 Rxb3
43.Rc7 Qe5 44.R7c6 Qf5 45.Rc8+ Kg7 46.Qa8 Qe6 47.Rg8+ Kh6 48.Qf8+ Kh5 49.g4+  1-0

[Event "KB Czech Open"]
[Site "Pardubice CZE"]
[Date "2002.07.24"]
[Round "6"]
[White "Tratar,M"]
[Black "Michenka,J"]
[Result "1/2-1/2"]
[WhiteElo "2466"]
[BlackElo "2334"]

1.d4 Nf6 2.c4 e6 3.g3 d5 4.Nf3 Be7 5.Bg2 O-O 6.O-O dxc4 7.Ne5 Nc6 8.Bxc6 bxc6
9.Nxc6 Qe8 10.Nxe7+ Qxe7 11.Qa4 e5 12.dxe5 Qxe5 13.Qxc4 Be6 14.Qd3 Rab8 15.Nc3 Rfd8
16.Qe3 Qxe3 17.Bxe3 Rxb2 18.Bxa7 h6 19.a4 Nd5 20.Nxd5 Bxd5 21.Rfc1 Rxe2 22.Rxc7 Bf3
23.a5 Red2 24.Rcc1 f5 25.a6 Kf7 26.Be3 Rd1+ 27.Rxd1 Rxd1+ 28.Rxd1 Bxd1 29.h4 Bf3
30.Kf1 h5 31.Ke1 Ke6 32.Bd4 g6 33.Kd2 Bc6 34.Ke3 Bb5 35.a7 Bc6 36.Kf4 Bb7
37.Kg5 Kf7 38.Bc3 Bc6 39.f4 Be4 40.Bd4 Bf3 41.Bc3 Be4 42.Be5 Bf3 43.g4 hxg4
44.h5 gxh5 45.Kxf5 g3 46.Kg5 g2 47.Bd4 Ke6 48.f5+ Kf7 49.Bg1  1/2-1/2

[Event "24th Politiken Cup"]
[Site "Copenhagen DEN"]
[Date "2002.07.26"]
[Round "11"]
[White "Adamski,J"]
[Black "Glud,J"]
[Result "1-0"]
[WhiteElo "2304"]
[BlackElo "2180"]

1.Nf3 Nf6 2.c4 e6 3.g3 d5 4.Bg2 Be7 5.d4 O-O 6.Qc2 Nbd7 7.O-O c6 8.b3 b6
9.Rd1 Bb7 10.Nc3 Rc8 11.e4 dxe4 12.Nxe4 c5 13.Nxf6+ Bxf6 14.Ng5 Bxg5 15.Bxb7 Rc7
16.dxc5 Bf6 17.Bb2 Bxb2 18.Qxb2 Rxb7 19.c6 Rc7 20.cxd7 Rxd7 21.Qe2 Rxd1+
22.Rxd1 Qc7 23.Qd2 Qe5 24.Qd3 h6 25.Rd2 Rc8 26.Kg2 g6 27.Qf3 Qc7 28.Kg1 Rd8
29.Qf4 Qe7 30.Qxh6 Rxd2 31.Qxd2 Qb7 32.Qd3 Qc6 33.h4 Qc5 34.Qf3 Qa3 35.Qe2 Qc1+
36.Kg2 Qb1 37.Qd2 Qe4+ 38.Kh2 Qf3 39.Qd8+ Kh7 40.Qd2 Qe4 41.Qf4 Qb7 42.b4 Qe7
43.a3 e5 44.Qe4 a5 45.Qd5 axb4 46.axb4 Qxb4 47.Qxf7+ Kh6 48.Qg8  1-0

[Event "6th Open"]
[Site "Korinthos GRE"]
[Date "2002.07.26"]
[Round "4"]
[White "Antic,D"]
[Black "Perunovic,Mio"]
[Result "1/2-1/2"]
[WhiteElo "2496"]
[BlackElo "2334"]

1.d4 Nf6 2.c4 e6 3.g3 d5 4.Nf3 Be7 5.Bg2 O-O 6.O-O Nbd7 7.Qc2 c6 8.Rd1 b6
9.b3 Bb7 10.Nc3 Qc8 11.e4 dxe4 12.Ng5 Rd8 13.Ngxe4 Nxe4 14.Bxe4 Nf6 15.Bg2 Rd7
16.Bb2 Qf8 17.Rd3 Rad8 18.Rad1 h6 19.h3 Rc8 20.Bc1 Bd6 21.Be3 Ba6 22.Nb1 Bb7
23.Nd2 c5 24.dxc5 Bxg2 25.Kxg2 Bxc5 26.Ne4 Rxd3 27.Nxf6+ gxf6 28.Qxd3 Bxe3
29.Qxe3 Rc5 30.Rd7 Qa8+ 31.Qf3 Qxf3+ 32.Kxf3 a5 33.Rb7 Rc6 34.Ke3 Kg7 35.Kd4 e5+
36.Kd5 Rc5+ 37.Ke4 Rc6 38.Rd7 a4 39.Kd3 axb3 40.axb3 f5 41.b4 Kf6 42.b5 Re6
43.Rc7 Rd6+ 44.Kc3 Ke6 45.Kb4 Rd2 46.Rc6+ Ke7 47.Rxb6 Rxf2 48.c5 f4 49.gxf4 e4
50.Rb7+ Ke6 51.Kc3 Ra2 52.Kd4 f5 53.Rb6+ Kd7 54.Ke5 e3 55.Kxf5 Rd2 56.c6+ Kc8
57.Ra6 Rd5+ 58.Kg4 Rxb5 59.Ra3 e2 60.Re3 h5+ 61.Kf3 Kc7 62.Rxe2 Kxc6 63.Kg3 Kd6
64.Re8 Rb3+ 65.Kh4 Rf3 66.Kg5 Rxh3 67.f5 Rf3 68.Re4 h4 69.Kf6 h3 70.Rd4+ Kc5
71.Rh4 Kd6 72.Rh7 Kd5 73.Rh4 Kd6 74.Rh5 Kd5 75.Ke7 Ke5 76.f6+  1/2-1/2

[Event "ch-TUR"]
[Site "Ankara TUR"]
[Date "2002.07.27"]
[Round "6"]
[White "Donmez,Y"]
[Black "Duzgun,M"]
[Result "1-0"]
[WhiteElo "2038"]
[BlackElo "2087"]

1.Nf3 d5 2.d4 Nf6 3.c4 e6 4.g3 Be7 5.Bg2 O-O 6.O-O dxc4 7.Qc2 a6 8.Rd1 b5
9.Ne5 Nd5 10.e4 Nb4 11.Qe2 Bb7 12.a3 N4c6 13.Nxc6 Nxc6 14.d5 Na5 15.dxe6 Qc8
16.exf7+ Rxf7 17.Nc3 Nb3 18.Rb1 Nxc1 19.Rbxc1 Bc5 20.Rf1 Qe6 21.Kh1 Bd4 22.Rcd1 c5
23.f4 Re8 24.e5 Bxg2+ 25.Qxg2 Bxc3 26.bxc3 Rd7 27.f5 Qe7 28.f6 gxf6 29.exf6 Qe6
30.Rxd7  1-0

[Event "KB Czech Open"]
[Site "Pardubice CZE"]
[Date "2002.07.27"]
[Round "9"]
[White "Fridman,D"]
[Black "Lingnau,C"]
[Result "1/2-1/2"]
[WhiteElo "2571"]
[BlackElo "2426"]

1.d4 Nf6 2.Nf3 e6 3.c4 d5 4.g3 Be7 5.Bg2 O-O 6.O-O dxc4 7.Qc2 a6 8.Qxc4 b5
9.Qc2 Bb7 10.Bg5 Nbd7 11.Bxf6 Nxf6 12.Nbd2  1/2-1/2

[Event "5th InfoScore Cup"]
[Site "Baden-Baden GER"]
[Date "2002.07.29"]
[Round "4"]
[White "Cosma,E"]
[Black "Schenk,Andreas"]
[Result "1/2-1/2"]
[WhiteElo "2387"]
[BlackElo "2477"]

1.d4 Nf6 2.Nf3 e6 3.g3 d5 4.c4 Be7 5.Bg2 O-O 6.O-O dxc4 7.Qc2 a6 8.Qxc4 b5
9.Qc2 Bb7 10.Bg5 Nbd7 11.Bxf6 Nxf6 12.Nbd2 Rc8 13.Nb3 c5 14.dxc5 Be4 15.Qc3 Bd5
16.Rfd1 Ne4 17.Qe1 Qc7 18.Nfd2 Nxd2 19.Qxd2 Bxb3 20.axb3 Rfd8 21.Qe1 Rxd1
22.Qxd1 Qxc5 23.Rxa6 Qc1  1/2-1/2

[Event "ch-IRI"]
[Site "Tehran IRI"]
[Date "2002.07.29"]
[Round "2"]
[White "Sadeghi,M"]
[Black "Ghane,S"]
[Result "0-1"]
[WhiteElo "2204"]
[BlackElo "2423"]

1.c4 e6 2.Nf3 d5 3.d4 Nf6 4.g3 Be7 5.Bg2 O-O 6.O-O c6 7.Nbd2 Nbd7 8.Qc2 b6
9.Re1 Bb7 10.b3 Rc8 11.e4 a5 12.Bb2 Bb4 13.e5 Ne8 14.h4 Be7 15.Red1 Nc7 16.Nh2 Re8
17.f4 f6 18.f5 exf5 19.Qxf5 g6 20.Qb1 f5 21.h5 Nf8 22.Bh3 Bb4 23.Nhf3 Nce6
24.hxg6 hxg6 25.a3 Bxd2 26.Rxd2 Rc7 27.Rh2 a4 28.Kg2 axb3 29.Bxf5 gxf5 30.Qxf5 Nh7
31.Rah1 Nef8 32.Rh4 Bc8 33.Qd3 dxc4 34.Qxc4+ Qd5 35.Qd3 Ree7 36.Bc1 c5 37.Bh6 Bb7
38.Rg4+ Rg7 39.Bxg7 Rxg7 40.Rf4 Ne6  0-1

[Event "Lost Boys Open"]
[Site "Amsterdam NED"]
[Date "2002.07.30"]
[Round "5"]
[White "Berkvens,J"]
[Black "Konings,L"]
[Result "1-0"]
[WhiteElo "2467"]
[BlackElo "2318"]

1.d4 d5 2.c4 e6 3.Nf3 Be7 4.g3 Nf6 5.Bg2 O-O 6.O-O c5 7.cxd5 exd5 8.dxc5 Bxc5
9.Bg5 d4 10.Nbd2 Nc6 11.Rc1 Bb6 12.Ne4 Bf5 13.Bxf6 gxf6 14.Nh4 Be6 15.Qd2 f5
16.Ng5 Qf6 17.Nxe6 fxe6 18.Bxc6 bxc6 19.Rxc6 f4 20.Qd3 Rae8 21.Nf3 fxg3 22.hxg3 Qf5
23.Nd2 Qh3 24.Ne4 Rf5 25.Rfc1 Re7 26.Rd6 e5 27.Rc8+ Kg7 28.Qb3 Ref7 29.Rd7 d3
30.e3 Rxf2 31.Rxf7+ Rxf7 32.Qxf7+ Kxf7 33.Ng5+ Ke7 34.Nxh3 d2 35.Nf2 Bxe3
36.Kf1 Bxf2 37.Ke2  1-0

[Event "6th Open"]
[Site "Korinthos GRE"]
[Date "2002.07.31"]
[Round "9"]
[White "Romanishin,O"]
[Black "Lekic,D"]
[Result "1/2-1/2"]
[WhiteElo "2559"]
[BlackElo "2410"]

1.d4 Nf6 2.Nf3 e6 3.g3 d5 4.Bg2 Be7 5.c4 dxc4 6.Qa4+ Bd7 7.Qxc4 Bc6 8.Bf4 O-O
9.O-O Nbd7 10.Nc3 Bd6 11.Be3 Nd5 12.Bg5 f6 13.Bd2 Qe8 14.Rfe1 f5 15.Ng5 N7f6
16.Qb3 h6 17.Nh3 g5 18.e4 Nxc3 19.bxc3 f4 20.c4 Ba4 21.Qc3 e5 22.c5 exd4
23.Qc1 f3 24.Bf1 Be5 25.Bxg5 hxg5 26.Qxg5+ Kh7 27.Qh4+ Kg7 28.Qg5+ Kh7 29.Qh4+  1/2-1/2